Rockerka záhradkárkou

Bibliographic Details
Other Authors: Procházka, Miro (Interviewer)
Format: Article
Language:Slovak
PhysicalDescription:Fotogr.
ISSN:1337-219X
Subjects:

MARC

LEADER 00000nab a2200000 ar4500
001 vtls008981617
003 SK-MaSNL
005 20260303065151.0
008 070417c2007 xo mr|p|||||||000 b|slo
015 |a SNBRB2007/04  |2 snkbucl 
038 |a SNKBUCL 
040 |a SNKBUCL  |b slo  |c SNKBUCL  |e AACR2 
040 0 |a slo  |e AACR2 
041 0 |a slo 
044 |a xo  |c SK 
080 |a 78.071.2:784.66  |2 1997 
080 |a 784.66  |2 1997 
100 1 |a Procházka, Miro  |4 ivr  |9 279244 
245 1 0 |a Rockerka záhradkárkou  |c Miro Procházka 
300 |b Fotogr. 
600 1 7 |a Wilde, Kim,  |d 1960-  |2 snkbucl  |9 868290 
700 1 |a Wilde, Kim,  |d 1960-  |4 ive  |9 868290 
773 0 |t Žurnál  |g Roč. I, č. 4 (2007), s.  |x 1337-219X 
852 |a SNK  |b KIS3GCP 
958 |a BC 
999 |c 1750103  |d 1752033